000 00260nam a22001217a 4500
008 170824b xxu||||| |||| 00| 0 eng d
041 _aeng
080 _26 ed
_a51
100 _a38
101 _amat
245 _aPREALGEBRA
_cBITTINGER.M.L
942 _2udc
_cBK
999 _c24896
_d24896